Generation Y and generation Z Employment Expectations: A Generational Cohort Comparative Study from Two Countries

Generačný výskum zameraný na skúmanie rozdielov a podobností týkajúcich sa pracovných očakávaní. Použitie dotazníkového dotazníka pre generáciu Y a Z v SR a ČR.

Enregistré dans:
Détails bibliographiques
Auteur principal: Egerová, Dana
Autres auteurs: Komárková, Lenka, Kutlák, Jiří
Format: Chapitre de livre
Langue:anglais
Sujets:
Tags: Ajouter un tag
Pas de tags, Soyez le premier à ajouter un tag!

MARC

LEADER 00000naa a2200000 4500
001 0278624
005 20210921133913.7
041 0 |a eng 
044 |a CZ 
245 1 0 |a Generation Y and generation Z Employment Expectations: A Generational Cohort Comparative Study from Two Countries  |c Dana Egerová, Lenka Komárková, Jiří Kutlák 
520 |a Generačný výskum zameraný na skúmanie rozdielov a podobností týkajúcich sa pracovných očakávaní. Použitie dotazníkového dotazníka pre generáciu Y a Z v SR a ČR. 
610 2 0 |a rozdiely generačné 
610 2 0 |a zamestnanosť 
610 2 0 |a porovnanie medzinárodné 
610 2 0 |a trh práce 
100 1 |a Egerová, Dana 
700 1 |a Komárková, Lenka 
700 1 |a Kutlák, Jiří